000 00216nam a22000977a 4500
082 _a823
_bSMI/V
100 _aSMITH, HELEN HENRY
245 _aVIKINGSCHOLM - TAHO'S HIDDEN CASTLE
650 _aENGLISH STORY
942 _cBK
999 _c7669
_d7669